Metallic mineral exploration (Record no. 659445)

MARC details
000 -LEADER
fixed length control field 00799nam a2200277Ia 4500
003 - CONTROL NUMBER IDENTIFIER
control field OSt
005 - DATE AND TIME OF LATEST TRANSACTION
control field 20220926034425.0
008 - FIXED-LENGTH DATA ELEMENTS--GENERAL INFORMATION
fixed length control field 220923b |||||||| |||| 00| 0 eng d
020 ## - INTERNATIONAL STANDARD BOOK NUMBER
International Standard Book Number 0915707306
037 ## - SOURCE OF ACQUISITION
Terms of availability General Book
040 ## - CATALOGING SOURCE
Original cataloging agency RTL
Transcribing agency RTL
Language of cataloging eng
041 ## - LANGUAGE CODE
Source of code eng
Language code of text/sound track or separate title eng
100 ## - MAIN ENTRY--PERSONAL NAME
Personal name Eggert Roderick G
9 (RLIN) 340573
245 #0 - TITLE STATEMENT
Title Metallic mineral exploration
Remainder of title An economic analysis
260 ## - PUBLICATION, DISTRIBUTION, ETC.
Place of publication, distribution, etc. Washington
Name of publisher, distributor, etc. Resources for the Future
Date of publication, distribution, etc. 1987
300 ## - PHYSICAL DESCRIPTION
Extent 90p
Dimensions cm.
490 ## - SERIES STATEMENT
Series statement Resources fo the Future
500 ## - GENERAL NOTE
General note Bibliography chapterwise
650 ## - SUBJECT ADDED ENTRY--TOPICAL TERM
Topical term or geographic name entry element Minerology
9 (RLIN) 255645
650 ## - SUBJECT ADDED ENTRY--TOPICAL TERM
Topical term or geographic name entry element Industrial Economics
942 ## - ADDED ENTRY ELEMENTS (KOHA)
Classification part X9(H1), M7
Koha item type General Books
Source of classification or shelving scheme Colon Classification (CC)

No items available.

Copyright @ Delhi University Library System